00961njm a2200229 i 45000010005000000030009000050050017000140070015000310080041000461000024000872450114001112600041002253000054002665000038003205180168003586100069005266500024005957100022006197100030006418520030006718520030007014980ES-MaACL20250622050154.0s|r|||||||||||070906s1984 sp ||| g ||||||||1|nspa d1 aNoriega, Ángeles.14aLos presos olvidados h[Grabación sonora] / cinterviene Angeles Noriega y miembros de "Acciones Urgentes". aMadrid : bAteneo de Madrid, c1984. a2 discos (CD-DA) (1 h. 6 min. 57 seg.) ; c12 cm. aDatos basados en la invitación. aActo organizado por el Ateneo de Madrid en colaboración con Amnistía Internacional, grabado en el salón de actos el lunes, 28 de mayo de 1984, a las 19:30 h.04aAteneo de Madrid-xActos culturales-y1984-vGrabaciones sonoras14aPresos políticos.2 aAteneo de Madrid.2 aAmnistía Internacional. aES-MaACLjROT 5/5/31cROT aES-MaACLjROT 5/5/32cROT